1226 1076 1898 1830 1957 1232 1090 1425 1226 1754 1054 1546 1243 1394 1030 1464 1466 1746 1124 1516 1707 1598 1278 1934 1552 1895 1980 1919 1611 1522 1778 1899 1525 1607 1219 1730 1872 1724 1351 1654 1344 1510 1989 1546 1742 1241 1053 1763 1783 1228 1493 1929 1287 1515 1310 1542 1718 1978 1480 1305 1591 1741 1686 1224 1874 1471 1411 1732 1053 1337 1415 1016 1930 1839 1518 1631 1690 1754 1876 1845 1430 1116 1716 1540 1093 1132 1755 1641 1143 1094 1623 1770 1098 1688 1501 1724 1849 1773 1687 BCNSPRNW ULIB Ver.6.0+V

เปลี่ยนเป็นภาษาไทย

Change to English
 แสดงรายละเอียดบรรณานุกรม
  กลับหน้าหลัก

Brief Record : Get Marc (ISO 2709) : E-mail record : QR code < ปิดหน้าต่าง
LEADER : 00000nam 2200000uu 4500
001    13399111634
003     ULIB
008    110704s||||||||th 000 0 tha d
020    9789748460055
050  4 BQ4570^bส243ธ 2550
100 0  สมเด็จพระพุฒาจารย์^q(เกี่ยว อุปเสโณ)
245 10 ธรรมะให้ลูกดี /^cสมเด็จพระพุฒาจารย์ (เกี่ยว อุปเสโณ)
250    พิมพ์ครั้งที่ 1
260    กรุงเทพฯ :^bอนันตะ,^c2550
300    160 หน้า ;^c21 ซม.
600 07 สมเด็จพระพุฒาจารย์ (เกี่ยว อุปเสโณ)
650  7 ธรรมะกับชีวิตประจำวัน
650  7 พุทธศาสนากับชีวิตประจำวัน
650  7 ธรรมะ
945    ^p159^l0^i023142
995    ทศพร
999 ^a ใช้งานได้ทุกระบบ
รายการนี้ยังไม่มีแท็ก
คุณยังไม่ได้ล็อกอิน คุณสามารถมีกิจกรรมร่วมกับเว็บไซต์ได้ แต่ต้องล็อกอินก่อน ::
  ล็อกอิน

รายการสื่อสารสนเทศ

ลำดับที่ ประเภท เลขเรียก/บาร์โค้ด สถานที่ สถานะ
- ไม่พบข้อมูล -

รายการใกล้เคียง
    หัวเรื่อง [ธรรมะกับชีวิตประจำวัน]
    หัวเรื่อง [พุทธศาสนากับชีวิตประจำวัน]
    หัวเรื่อง [ธรรมะ]

BibComment


ยังไม่เคยถูกคอมเมนท์

คอมเมนท์ทรัพยากรรายการนี้
  คอมเมนท์: ธรรมะให้ลูกดี สม..


 Copyright 2026. Bcnsprnw @Library